000 00459nam a22001697a 4500
003 NUST
005 20260128134032.0
008 260127b ||||| |||| 00| 0 eng d
020 _a978-0672322648
082 _a005.2768
100 _aUtley, Craig.
_9132943
245 _aA Programmer's Introduction to Visual Basic.NET/
_cUtley, Craig.
260 _aUSA:
_bSams Publishing,
_c2001.
300 _a343 p ;
_c23.1 cm
563 _aPaperback
942 _2ddc
_cBK
999 _c615963
_d615963